书目信息 |
| 题名: |
奥林匹克运动会史略
|
|
| 作者: | 王在武 编 | |
| 分册: | ||
| 出版信息: | 北京 人民体育出版社 1981 |
|
| 页数: | 109页 | |
| 开本: | 19cm | |
| 丛书名: | ||
| 单 册: | ||
| 中图分类: | G811.9 | |
| 科图分类: | ||
| 主题词: | 体育--历史--世界 | |
| 电子资源: | ||
| ISBN: | ||
| 000 | 00667nam0 2200241 45 | |
| 001 | 0181009178 | |
| 005 | 20060728144955.85 | |
| 010 | @dCNY0.39 | |
| 091 | @a7015.1917 | |
| 100 | @a19950502d1981 emky0chiy0121 ea | |
| 101 | 0 | @achi |
| 102 | @aCN@b110000 | |
| 105 | @ay 000yd | |
| 200 | 10 | @a奥林匹克运动会史略@Aao lin pi ke yun dong hui shi lue@f王在武等编@FWang Zai Wu Deng Bian |
| 210 | @a北京@c人民体育出版社@d1981 | |
| 215 | @a109页@d19cm | |
| 601 | 02 | @a奥运会@x体育运动史 |
| 606 | 0 | @a体育@x历史@x世界 |
| 690 | @aG811.9@v3 | |
| 701 | 0 | @a王在武@4编 |
| 801 | 2 | @aCN@bNLC@c20060728 |
| 801 | 0 | @aCN@b上海图书馆@c20040508 |
| 905 | @dG811.9@e3@f1@b54960 | |
| 奥林匹克运动会史略/王在武等编.-北京:人民体育出版社,1981 |
| 109页;19cm |
| ISBN :CNY0.39 |
| ● |
| 相关链接 |
|
|
|
|
正题名:奥林匹克运动会史略
索取号:G811.9/3
 
预约/预借
| 序号 | 登录号 | 条形码 | 馆藏地/架位号 | 状态 | 备注 |
| 1 | 0054956 | 000298662 | 密集书库/ [索取号:G811.9/3] | 在馆 | |
| 2 | 0054957 | 000298671 | 密集书库/ [索取号:G811.9/3] | 在馆 | |
| 3 | 0054958 | 000298724 | 密集书库/ [索取号:G811.9/3] | 在馆 | |
| 4 | 0054959 | 202342884 | 密集书库/ [索取号:G811.9/3] | 在馆 | |
| 5 | 0054960 | 000298680 | 密集书库/ [索取号:G811.9/3] | 在馆 | |
| 6 | 0063476 | 000298653 | 密集书库/ [索取号:G811.9/3] | 在馆 | |
| 7 | 0063477 | 000298617 | 密集书库/ [索取号:G811.9/3] | 在馆 | |
| 8 | 0063478 | 000298626 | 第一样本阅览室/ [索取号:G811.9/3] | 在馆 | |
| 9 | 0440436 | 204404368 | 密集书库/ [索取号:G811.9/3] | 在馆 |